000 00578nam a2200205Ia 4500
005 20260429112138.0
008 260429s9999||||xx |||||||||||||| ||und||
020 _a9781032532479
041 _aEnglish
082 _a796.33
_bMEM
100 _aMemmert, Daniel
245 0 _aData analytics in football :
_bpositional data collection, modelling and analysis /
_cDaniel Memmert
250 _a2nd ed.
260 _aLondon :
_bRoutledge,
_c2024.
300 _axiv, 162 p.; pbk
650 _a Data analytics
650 _aFootball
700 _a Raabe, Dominik
942 _cTB
999 _c52578
_d52578